[Event "CAN-ch w"]
[Site "Toronto CAN"]
[Date "1996.08.20"]
[Round "4"]
[White "Vujosevic, Smilja"]
[Black "Starr (Shterenberg), Nava"]
[Result "0-1"]
[WhiteElo "2065"]
[BlackElo "2210"]
[PlyCount "155"]
[EventDate "1996.08.17"]
[EventType "tourn"]
[EventRounds "9"]
[EventCountry "CAN"]
[Source "ChessBase"]
[SourceDate "2000.11.22"]

1. d4 Nf6 2. Nf3 g6 3. Bf4 Bg7 4. e3 O-O 5. Be2 d6 6. O-O Nbd7 7. c3 Qe8 8. h3
e5 9. dxe5 dxe5 10. Bh2 Qe7 11. Na3 Ne8 12. Nd2 f5 13. f3 Qc5 14. Bc4+ Kh8 15.
Re1 Bh6 16. Nf1 Nd6 17. Bb3 f4 18. Nc2 Nf6 19. Kh1 Nf5 20. exf4 exf4 21. Bg1
Qa5 22. Bf2 Bd7 23. Nd4 Rad8 24. Nxf5 Bxf5 25. Qc1 g5 26. Re7 Bg7 27. Qe1 Rde8
28. Rxe8 Rxe8 29. Qd1 a6 30. Qd2 Qb5 31. Re1 Rxe1 32. Qxe1 h6 33. Kg1 Qd7 34.
Nd2 Nd5 35. Nc4 Qe7 36. Qxe7 Nxe7 37. Nd2 Ng6 38. Ne4 b6 39. Bc4 a5 40. Nd2 Ne5
41. Bd4 Kh7 42. Bb5 Kg6 43. Be8+ Kh7 44. Bb5 Kg8 45. Ne4 Kf7 46. Kf1 Ke6 47.
Ke2 Kd5 48. Nd2 Bf6 49. Bf2 c6 50. Ba6 b5 51. b3 Bd3+ 52. Kd1 h5 53. Bb6 a4 54.
bxa4 bxa4 55. Bxd3 Nxd3 56. Ne4 Be7 57. Kd2 Ne5 58. Bd4 g4 59. hxg4 hxg4 60.
Ke2 gxf3+ 61. gxf3 Nc4 62. Kd3 Nb2+ 63. Kc2 Nc4 64. Nf2 Na3+ 65. Kd3 Nc4 66.
Nd1 Bd8 67. Bg7 c5 68. Ke2 Be7 69. Nf2 Bd6 70. Nd3 Ne3 71. Nf2 Kc4 72. Ne4 Bc7
73. Nd2+ Kd5 74. Kd3 c4+ 75. Ke2 Ba5 76. Ne4 Nf5 77. Bf6 Ke6 78. Bh8 0-1

[Event "CAN-ch w"]
[Site "Toronto CAN"]
[Date "1996.08.21"]
[Round "5"]
[White "Baltgailis, Vesma"]
[Black "Walker, Erin"]
[Result "1-0"]
[WhiteElo "2005"]
[BlackElo "1547"]
[PlyCount "95"]
[EventDate "1996.08.17"]
[EventType "tourn"]
[EventRounds "9"]
[EventCountry "CAN"]
[Source "ChessBase"]
[SourceDate "2000.11.22"]

1. c4 e5 2. g3 Nf6 3. Bg2 Nc6 4. Nc3 d6 5. e3 Be7 6. Nge2 O-O 7. O-O Be6 8. Nd5
Bxd5 9. cxd5 Nb4 10. Qb3 a5 11. d4 b6 12. Bd2 Na6 13. Bc3 Nd7 14. dxe5 Nac5 15.
Qc2 Rc8 16. exd6 Bxd6 17. Nd4 Ne5 18. Nc6 Nxc6 19. dxc6 Qe7 20. Qf5 Rfe8 21.
Bh3 Rcd8 22. Rfd1 Qe4 23. Qg5 Qg6 24. Qd5 Qe4 25. Qh5 Qg6 26. Qe2 Qe4 27. Bg2
Qe7 28. Rd5 Ne6 29. Rad1 Bc5 30. Rxd8 Rxd8 31. Rxd8+ Qxd8 32. Qg4 Qg5 33. Qxg5
Nxg5 34. Be5 Ne6 35. Bd5 Kf8 36. Bxe6 fxe6 37. Bxc7 Ke7 38. Kg2 a4 39. Kf3 b5
40. Ke4 Bd6 41. Bb6 g6 42. f4 h5 43. Kd4 Ke8 44. e4 b4 45. Kc4 Be7 46. e5 a3
47. b3 Bf8 48. Kb5 1-0

[Event "CAN-ch w"]
[Site "Toronto CAN"]
[Date "1996.08.21"]
[Round "5"]
[White "Charest, Johanne"]
[Black "Vujosevic, Smilja"]
[Result "1-0"]
[WhiteElo "1964"]
[BlackElo "2065"]
[PlyCount "43"]
[EventDate "1996.08.17"]
[EventType "tourn"]
[EventRounds "9"]
[EventCountry "CAN"]

1. e4 e5 2. Nf3 Nc6 3. Bc4 Bc5 4. c3 d6 5. d4 exd4 6. cxd4 Bb6 7. O-O Nge7 8.
Nc3 O-O 9. h3 h6 10. Be3 Ng6 11. Qd2 Nh4 12. Nxh4 Qxh4 13. f4 Bd7 14. f5 Kh7
15. Rf4 Qd8 16. Raf1 Ne7 17. f6 Ng6 18. fxg7 Rg8 19. Rxf7 Be8 20. R7f6 Rxg7 21.
Nd5 Nh4 22. Rxh6+ 1-0

[Event "CAN-ch w"]
[Site "Toronto CAN"]
[Date "1996.08.21"]
[Round "5"]
[White "Khoudgarian, Natalia"]
[Black "Chu, Stefanie"]
[Result "1/2-1/2"]
[WhiteElo "2231"]
[BlackElo "1990"]
[PlyCount "84"]
[EventDate "1996.08.17"]
[EventType "tourn"]
[EventRounds "9"]
[EventCountry "CAN"]
[Source "ChessBase"]
[SourceDate "2000.11.22"]

1. e4 c5 2. b3 d6 3. Bb2 Nf6 4. Nc3 g6 5. g3 Bg7 6. Bg2 Nc6 7. Nge2 O-O 8. O-O
e6 9. f4 Ne8 10. d3 Nc7 11. Qd2 Bd7 12. Kh1 Nd4 13. Nd1 Nxe2 14. Qxe2 Bxb2 15.
Nxb2 d5 16. f5 exf5 17. exd5 Bc8 18. c4 Qd6 19. Qf2 b6 20. d4 cxd4 21. Qxd4 Bb7
22. Rae1 Rfe8 23. Nd3 Na6 24. Ne5 Nb4 25. Rf2 f6 26. Nf3 Rxe1+ 27. Nxe1 Re8 28.
Nf3 Re4 29. Qd2 f4 30. g4 Re3 31. Re2 Qc5 32. Ng1 Kf8 33. Qe1 Nd3 34. Qh4 Rxe2
35. Nxe2 Nf2+ 36. Kg1 Nxg4+ 37. Kh1 Nf2+ 38. Kg1 Ng4+ 39. Kh1 Nf2+ 40. Kg1 Nd1+
41. Kf1 Ne3+ 42. Kg1 Ng4+ 1/2-1/2

[Event "CAN-ch w"]
[Site "Toronto CAN"]
[Date "1996.08.21"]
[Round "5"]
[White "Mongeau, Diane"]
[Black "Apostolov, Penka"]
[Result "1-0"]
[WhiteElo "1941"]
[BlackElo "1990"]
[PlyCount "79"]
[EventDate "1996.08.17"]
[EventType "tourn"]
[EventRounds "9"]
[EventCountry "CAN"]
[Source "ChessBase"]
[SourceDate "2000.11.22"]

1. d4 c5 2. e3 Nf6 3. Nf3 g6 4. c4 Bg7 5. Nc3 b6 6. g3 Bb7 7. Bg2 O-O 8. O-O
cxd4 9. exd4 d5 10. Ne5 Na6 11. Bf4 Nc7 12. Rc1 Ne6 13. Be3 Rc8 14. b4 Ba8 15.
c5 Nd7 16. Nxd7 Qxd7 17. Qd3 Rfd8 18. Rfd1 Qe8 19. Ne2 Bc6 20. Bh3 Bb5 21. Qd2
f5 22. Bf1 Qf7 23. f4 Qe8 24. Nc3 Bxf1 25. Kxf1 bxc5 26. bxc5 Nxc5 27. dxc5 d4
28. Ne2 dxe3 29. Qxe3 Qc6 30. Rxd8+ Rxd8 31. Kf2 Bf6 32. Rc2 Rd1 33. Rd2 Rh1
34. Rd8+ Kg7 35. Rd3 Rxh2+ 36. Ke1 Rh1+ 37. Kd2 Ra1 38. Ra3 Qd5+ 39. Kc2 Qc4+
40. Nc3 1-0

[Event "CAN-ch w"]
[Site "Toronto CAN"]
[Date "1996.08.21"]
[Round "5"]
[White "Starr (Shterenberg), Nava"]
[Black "Wu, Beatrice"]
[Result "1-0"]
[WhiteElo "2210"]
[BlackElo "1895"]
[PlyCount "41"]
[EventDate "1996.08.17"]
[EventType "tourn"]
[EventRounds "9"]
[EventCountry "CAN"]
[Source "ChessBase"]
[SourceDate "2000.11.22"]

1. e4 c5 2. Nc3 d6 3. f4 Nc6 4. Nf3 Nf6 5. g3 e6 6. Bg2 Qc7 7. O-O Nd4 8. d3
Be7 9. Kh1 Bd7 10. Be3 Ng4 11. Bg1 Qb6 12. Nxd4 cxd4 13. Qxg4 Bf6 14. Nd1 e5
15. Qe2 Rc8 16. c3 exf4 17. gxf4 O-O 18. e5 dxe5 19. fxe5 Qe6 20. cxd4 Bc6 21.
Nc3 1-0

[Event "CAN-ch w"]
[Site "Toronto CAN"]
[Date "1996.08.22"]
[Round "6"]
[White "Chu, Stefanie"]
[Black "Baltgailis, Vesma"]
[Result "1-0"]
[WhiteElo "1990"]
[BlackElo "2005"]
[PlyCount "49"]
[EventDate "1996.08.17"]
[EventType "tourn"]
[EventRounds "9"]
[EventCountry "CAN"]
[Source "ChessBase"]
[SourceDate "2000.11.22"]

1. e4 c5 2. Nf3 g6 3. d4 Bg7 4. dxc5 Qa5+ 5. c3 Qxc5 6. Be3 Qc7 7. Bd4 Nf6 8.
e5 Ng4 9. e6 f6 10. h3 Ne5 11. Nxe5 fxe5 12. exd7+ Bxd7 13. Be3 Nc6 14. Nd2 Nd8
15. Ne4 Ne6 16. Be2 b6 17. Bf3 O-O 18. Ng5 Nc5 19. Bxa8 h6 20. Bxc5 hxg5 21.
Bd5+ Kh7 22. Bxe7 Rf5 23. Be4 Rf4 24. Qh5+ Bh6 25. Qxg6+ 1-0

[Event "CAN-ch w"]
[Site "Toronto CAN"]
[Date "1996.08.22"]
[Round "6"]
[White "Starr (Shterenberg), Nava"]
[Black "Charest, Johanne"]
[Result "0-1"]
[WhiteElo "2210"]
[BlackElo "1964"]
[PlyCount "58"]
[EventDate "1996.08.17"]
[EventType "tourn"]
[EventRounds "9"]
[EventCountry "CAN"]

1. e4 e5 2. Nf3 Nc6 3. d4 exd4 4. Bc4 Bc5 5. O-O Nf6 6. e5 d5 7. exf6 dxc4 8.
Re1+ Be6 9. Ng5 Qd5 10. Nc3 Qf5 11. Nce4 O-O-O 12. g4 Qe5 13. fxg7 Rhg8 14.
Nxe6 fxe6 15. Bh6 d3 16. c3 Bb6 17. Qd2 Ne7 18. Ng5 Qd5 19. Nxh7 Ng6 20. Nf6
Qf3 21. Bg5 Rxg7 22. Rxe6 Rf8 23. Rae1 Rxf6 24. Rxf6 Qxg4+ 25. Kh1 Nh4 26. Rg1
Qe4+ 27. f3 Nxf3 28. Rxf3 Qxf3+ 29. Qg2 Rxg5 0-1

[Event "CAN-ch w"]
[Site "Toronto CAN"]
[Date "1996.08.22"]
[Round "6"]
[White "Vujosevic, Smilja"]
[Black "Khoudgarian, Natalia"]
[Result "1/2-1/2"]
[WhiteElo "2065"]
[BlackElo "2231"]
[PlyCount "159"]
[EventDate "1996.08.17"]
[EventType "tourn"]
[EventRounds "9"]
[EventCountry "CAN"]
[Source "ChessBase"]
[SourceDate "2000.11.22"]

1. d4 e6 2. Nf3 f5 3. Bf4 Nf6 4. h3 b6 5. e3 Bb7 6. Nbd2 g6 7. Be2 Bg7 8. O-O
O-O 9. c3 Kh8 10. Ne5 d6 11. Nd3 Qe7 12. Bf3 Ne4 13. Be2 e5 14. Bh2 Nd7 15. Nb4
a5 16. Nc2 Ndf6 17. Nf3 Rad8 18. Na3 Nh5 19. Qc2 Ng5 20. Qd1 f4 21. Nxg5 Qxg5
22. Bf3 e4 23. Bxh5 f3 24. Bg4 h5 25. Bf4 Qf6 26. gxf3 hxg4 27. fxg4 g5 28. Bg3
Qg6 29. Kg2 Rf3 30. Rc1 Rdf8 31. Rc2 Qf6 32. Rd2 Ba6 33. Rh1 Qf7 34. Nc2 Qxa2
35. Ne1 R3f7 36. h4 Kg8 37. hxg5 Qe6 38. Kg1 Bc8 39. Rh4 Bh8 40. Ng2 Qg6 41.
Bf4 Rh7 42. f3 Bb7 43. fxe4 Bxe4 44. Rxh7 Qxh7 45. Qe1 Qh3 46. Qg3 Qxg3 47.
Bxg3 Bf3 48. Bf4 Bxg4 49. Nh4 Bg7 50. Kg2 Re8 51. Kg3 Bc8 52. Rh2 Re7 53. Nf3
Bd7 54. Rd2 Re4 55. Nh2 Kf7 56. Ng4 Kg6 57. Rh2 Re8 58. Re2 Bc6 59. Re1 Bd5 60.
Nf2 Kf5 61. Nh3 Bc4 62. Rh1 Bd5 63. Rh2 Kg6 64. Ng1 Bc6 65. Nf3 Bd7 66. Nh4+
Kf7 67. Rg2 Kg8 68. Nf3 Kf7 69. Nd2 Kg6 70. e4 b5 71. Re2 Bc6 72. Kf3 Bb7 73.
Nb3 Ra8 74. Kg4 a4 75. Nc1 a3 76. bxa3 Rxa3 77. Re3 b4 78. cxb4 Rxe3 79. Bxe3
Bxe4 80. Nb3 1/2-1/2

[Event "CAN-ch w"]
[Site "Toronto CAN"]
[Date "1996.08.22"]
[Round "6"]
[White "Walker, Erin"]
[Black "Mongeau, Diane"]
[Result "1/2-1/2"]
[WhiteElo "1547"]
[BlackElo "1941"]
[PlyCount "66"]
[EventDate "1996.08.17"]
[EventType "tourn"]
[EventRounds "9"]
[EventCountry "CAN"]
[Source "ChessBase"]
[SourceDate "2000.11.22"]

1. e4 c5 2. c3 g6 3. d4 cxd4 4. cxd4 Bg7 5. Nf3 d5 6. exd5 Nf6 7. Nc3 Nxd5 8.
Nxd5 Qxd5 9. Be3 O-O 10. Be2 Nc6 11. Qa4 Rd8 12. Rd1 Be6 13. a3 Qb3 14. Qxb3
Bxb3 15. Rd2 Bd5 16. b4 Rd7 17. O-O Rad8 18. Rfd1 a6 19. Kf1 e6 20. h3 h6 21.
g4 Kf8 22. Ke1 Ke7 23. Bf4 Bxf3 24. Bxf3 Nxd4 25. Bg2 b5 26. Be3 Nc2+ 27. Ke2
Nxe3 28. Kxe3 Rxd2 29. Rxd2 Rxd2 30. Kxd2 Bb2 31. Bb7 Bxa3 32. Bxa6 Bxb4+ 33.
Ke2 Kd7 1/2-1/2

[Event "CAN-ch w"]
[Site "Toronto CAN"]
[Date "1996.08.22"]
[Round "6"]
[White "Wu, Beatrice"]
[Black "Apostolov, Penka"]
[Result "0-1"]
[WhiteElo "1895"]
[BlackElo "1990"]
[PlyCount "62"]
[EventDate "1996.08.17"]
[EventType "tourn"]
[EventRounds "9"]
[EventCountry "CAN"]
[Source "ChessBase"]
[SourceDate "2000.11.22"]

1. d4 c5 2. e3 Nf6 3. Bd3 g6 4. f4 d6 5. Nf3 Bg7 6. c3 O-O 7. Nbd2 Nd5 8. Ne4
cxd4 9. exd4 Nb6 10. O-O Be6 11. Rf2 Nc6 12. Ng3 f5 13. Qe2 Qd7 14. Bd2 h6 15.
Re1 Bxa2 16. Bb5 a6 17. Bxc6 Qxc6 18. Qxe7 Rae8 19. Qh4 Bc4 20. Nf1 Nd5 21.
Rxe8 Rxe8 22. Qg3 Re6 23. Bc1 Nf6 24. Ne3 Ne4 25. Qh4 Nxf2 26. Kxf2 Re8 27. g4
fxg4 28. Nxg4 Qe4 29. Nxh6+ Bxh6 30. Qxh6 Bd5 31. Kg1 Re7 0-1

[Event "CAN-ch w"]
[Site "Toronto CAN"]
[Date "1996.08.23"]
[Round "7"]
[White "Apostolov, Penka"]
[Black "Walker, Erin"]
[Result "1-0"]
[WhiteElo "1990"]
[BlackElo "1547"]
[PlyCount "111"]
[EventDate "1996.08.17"]
[EventType "tourn"]
[EventRounds "9"]
[EventCountry "CAN"]
[Source "ChessBase"]
[SourceDate "2000.11.22"]

1. d4 d5 2. Nf3 Nf6 3. c4 e6 4. Bg5 Be7 5. Nc3 O-O 6. Rc1 Nbd7 7. e3 b6 8. cxd5
exd5 9. Bd3 Bb7 10. O-O c5 11. dxc5 Nxc5 12. Bb1 Nce4 13. Bf4 Nh5 14. Be5 Bf6
15. Bxf6 Nhxf6 16. Qa4 Nc5 17. Qh4 h6 18. Rfd1 Qe7 19. Nb5 Qd7 20. Nbd4 Qg4 21.
Qxg4 Nxg4 22. h3 Nf6 23. b4 Nce4 24. Rc7 Nd6 25. Nf5 Nxf5 26. Bxf5 Ba6 27. Ne5
Bb5 28. a3 Ne8 29. Re7 Nd6 30. Bd7 Bc4 31. Bc6 Rac8 32. Bxd5 Bxd5 33. Rxd5 Nc4
34. Rxa7 Nxe5 35. Rxe5 Rc1+ 36. Kh2 Rc2 37. Kg3 Rd8 38. Ree7 Rf8 39. Reb7 Rc6
40. Ra6 Rg6+ 41. Kh2 Rf6 42. f3 Rc8 43. b5 Rc3 44. Raxb6 Rxb6 45. Rxb6 Rxa3 46.
e4 Rb3 47. Rb8+ Kh7 48. Kg3 Rb2 49. b6 g5 50. b7 Kg7 51. h4 f6 52. hxg5 hxg5
53. Kh3 Kf7 54. g3 Rb3 55. Kg4 Rb5 56. Rh8 1-0

[Event "CAN-ch w"]
[Site "Toronto CAN"]
[Date "1996.08.23"]
[Round "7"]
[White "Baltgailis, Vesma"]
[Black "Vujosevic, Smilja"]
[Result "1/2-1/2"]
[WhiteElo "2005"]
[BlackElo "2065"]
[PlyCount "117"]
[EventDate "1996.08.17"]
[EventType "tourn"]
[EventRounds "9"]
[EventCountry "CAN"]
[Source "ChessBase"]
[SourceDate "2000.11.22"]

1. c4 c6 2. b3 d5 3. Bb2 Bf5 4. g3 e6 5. Bg2 h6 6. Nf3 Nf6 7. O-O Be7 8. d3 O-O
9. Nbd2 Nbd7 10. a3 Qc7 11. Qc2 Bh7 12. b4 Rac8 13. Rfc1 a6 14. c5 a5 15. Bc3
axb4 16. axb4 Ra8 17. Qb2 Rfc8 18. Ne5 Nxe5 19. Bxe5 Qd8 20. h3 Ne8 21. Nb3 Bf6
22. Bxf6 Qxf6 23. Qxf6 Nxf6 24. Ra5 Bg6 25. Rca1 Rab8 26. Nd4 Nd7 27. Ra7 Rd8
28. f4 Nf8 29. Bf3 Re8 30. g4 e5 31. fxe5 Rxe5 32. h4 Ne6 33. Ra8 Rxa8 34.
Rxa8+ Nf8 35. h5 Bh7 36. Rb8 Re7 37. b5 Rc7 38. bxc6 bxc6 39. e4 g6 40. exd5
cxd5 41. Nb3 gxh5 42. d4 hxg4 43. Bxd5 Bf5 44. Rb7 Rxb7 45. Bxb7 Ng6 46. d5 Ne7
47. d6 Nc8 48. Bxc8 Bxc8 49. c6 Kf8 50. d7 Bxd7 51. cxd7 Ke7 52. Nc5 h5 53. Kg2
h4 54. Kf2 f5 55. Kg2 f4 56. Ne6 f3+ 57. Kf2 Kxd7 58. Ng5 Kd6 59. Nxf3 1/2-1/2

[Event "CAN-ch w"]
[Site "Toronto CAN"]
[Date "1996.08.23"]
[Round "7"]
[White "Charest, Johanne"]
[Black "Wu, Beatrice"]
[Result "1-0"]
[WhiteElo "1964"]
[BlackElo "1895"]
[PlyCount "79"]
[EventDate "1996.08.17"]
[EventType "tourn"]
[EventRounds "9"]
[EventCountry "CAN"]

1. e4 c5 2. Nc3 Nc6 3. g3 Nf6 4. Bg2 e6 5. d3 Be7 6. Be3 d5 7. Bf4 dxe4 8. Nxe4
Nd5 9. Bd2 O-O 10. Ne2 Bd7 11. Nf4 Nxf4 12. Bxf4 e5 13. Be3 b6 14. f4 Rc8 15.
O-O exf4 16. Bxf4 Be6 17. Qh5 g6 18. Qh6 Qd4+ 19. Kh1 Qg7 20. Qxg7+ Kxg7 21.
Nd6 Bxd6 22. Bxd6 Rfe8 23. Rae1 Nb4 24. Rf2 Rcd8 25. Be5+ Kg8 26. Bf6 Rc8 27.
a3 Bd5 28. Rfe2 Rxe2 29. Rxe2 Bxg2+ 30. Kxg2 Nd5 31. Bg5 Kg7 32. Re5 Nc7 33.
Re7 Ne6 34. Bd2 Nd4 35. c3 Nb3 36. Be3 Rd8 37. Rxa7 Rxd3 38. Bf4 Nd2 39. Be5+
Kf8 40. Bf6 1-0

[Event "CAN-ch w"]
[Site "Toronto CAN"]
[Date "1996.08.23"]
[Round "7"]
[White "Khoudgarian, Natalia"]
[Black "Starr (Shterenberg), Nava"]
[Result "1/2-1/2"]
[WhiteElo "2231"]
[BlackElo "2210"]
[PlyCount "59"]
[EventDate "1996.08.17"]
[EventType "tourn"]
[EventRounds "9"]
[EventCountry "CAN"]
[Source "ChessBase"]
[SourceDate "2000.11.22"]

1. e4 e5 2. Nc3 d6 3. Nf3 Nf6 4. d4 exd4 5. Nxd4 Be7 6. Bc4 O-O 7. O-O a6 8.
Re1 b5 9. Bf1 c5 10. Nf5 Bxf5 11. exf5 d5 12. Bg5 d4 13. Rxe7 dxc3 14. Qxd8
Rxd8 15. bxc3 Nbd7 16. a4 c4 17. g3 Kf8 18. Ree1 Nc5 19. axb5 axb5 20. Be3 Nce4
21. Bd4 Rxa1 22. Rxa1 Nd5 23. Ra3 b4 24. cxb4 Nxb4 25. c3 Nc2 26. Ra4 Nxd4 27.
cxd4 Rxd4 28. Rxc4 Rxc4 29. Bxc4 Ke7 30. Bd3 1/2-1/2

[Event "CAN-ch w"]
[Site "Toronto CAN"]
[Date "1996.08.23"]
[Round "7"]
[White "Mongeau, Diane"]
[Black "Chu, Stefanie"]
[Result "1/2-1/2"]
[WhiteElo "1941"]
[BlackElo "1990"]
[PlyCount "79"]
[EventDate "1996.08.17"]
[EventType "tourn"]
[EventRounds "9"]
[EventCountry "CAN"]
[Source "ChessBase"]
[SourceDate "2000.11.22"]

1. d4 Nf6 2. Nf3 e6 3. Bg5 c5 4. Bxf6 Qxf6 5. e4 Nc6 6. c3 cxd4 7. cxd4 Bb4+ 8.
Nc3 d6 9. Bb5 Bd7 10. O-O O-O 11. Rc1 a6 12. Bxc6 Bxc6 13. d5 Bxc3 14. Rxc3
exd5 15. exd5 Bb5 16. Re1 Rac8 17. Rxc8 Rxc8 18. Nd4 Bc4 19. Qg4 Rf8 20. b3
Bxd5 21. Rd1 Re8 22. Qd7 Qe5 23. h3 h6 24. Nc2 Re6 25. Re1 Qg5 26. g4 Rxe1+ 27.
Nxe1 Qe5 28. Qc8+ Kh7 29. Qc1 Qe4 30. Qc2 Qxc2 31. Nxc2 Be4 32. Ne3 b5 33. Kh2
d5 34. Kg3 d4 35. Nf1 Bb1 36. a3 a5 37. b4 a4 38. Kf4 Kg6 39. Nd2 Bc2 40. Ke5
1/2-1/2

[Event "CAN-ch w"]
[Site "Toronto CAN"]
[Date "1996.08.24"]
[Round "8"]
[White "Charest, Johanne"]
[Black "Khoudgarian, Natalia"]
[Result "1-0"]
[WhiteElo "1964"]
[BlackElo "2231"]
[PlyCount "55"]
[EventDate "1996.08.17"]
[EventType "tourn"]
[EventRounds "9"]
[EventCountry "CAN"]

1. e4 e6 2. d4 d5 3. e5 c5 4. c3 Qb6 5. Nf3 Nc6 6. Bd3 cxd4 7. cxd4 Bd7 8. O-O
Nxd4 9. Nxd4 Qxd4 10. Nc3 a6 11. Re1 Ne7 12. a3 Nc6 13. Qe2 g6 14. Kh1 Bg7 15.
f4 Qa7 16. Be3 d4 17. Bf2 O-O 18. Ne4 Rad8 19. Bh4 Qb8 20. Nf6+ Kh8 21. Qg4 Ne7
22. Bg5 Nf5 23. Qh3 h5 24. g4 Nh6 25. gxh5 Bc6+ 26. Kg1 Qc7 27. hxg6 fxg6 28.
Bxh6 1-0

[Event "CAN-ch w"]
[Site "Toronto CAN"]
[Date "1996.08.24"]
[Round "8"]
[White "Chu, Stefanie"]
[Black "Apostolov, Penka"]
[Result "0-1"]
[WhiteElo "1990"]
[BlackElo "1990"]
[PlyCount "110"]
[EventDate "1996.08.17"]
[EventType "tourn"]
[EventRounds "9"]
[EventCountry "CAN"]
[Source "ChessBase"]
[SourceDate "2000.11.22"]

1. e4 c5 2. Nf3 Nc6 3. Bb5 e6 4. O-O Nge7 5. Nc3 a6 6. Bxc6 Nxc6 7. d4 cxd4 8.
Nxd4 d6 9. Re1 Bd7 10. Nxc6 Bxc6 11. Qg4 Qa5 12. Bf4 h5 13. Qg3 h4 14. Qg5 Qxg5
15. Bxg5 Rh5 16. Be3 Be7 17. Rad1 Rc8 18. Bb6 Bd7 19. Re2 g6 20. Bd4 h3 21. f3
hxg2 22. Rxg2 Bg5 23. Re2 Ke7 24. Be3 Bxe3+ 25. Rxe3 Rh3 26. Red3 Bc6 27. f4
Rxd3 28. Rxd3 Rh8 29. Re3 Rh4 30. Ne2 d5 31. exd5 Bxd5 32. b3 Bc6 33. h3 Kf6
34. Kf2 Rh8 35. Nd4 Rc8 36. Nxc6 Rxc6 37. c4 Rd6 38. Ke2 Rd4 39. Rf3 Kf5 40.
Ke3 Re4+ 41. Kd2 Rxf4 42. Rd3 Ke5 43. Kc3 f5 44. c5 Rh4 45. Rd7 Rxh3+ 46. Kb4
Rh8 47. Ka5 Rc8 48. b4 Rc6 49. Rxb7 f4 50. Rb6 f3 51. Rxc6 f2 52. Rxa6 f1=Q 53.
b5 Qf8 54. c6 Qc5 55. Ra8 Qa3+ 0-1

[Event "CAN-ch w"]
[Site "Toronto CAN"]
[Date "1996.08.24"]
[Round "8"]
[White "Starr (Shterenberg), Nava"]
[Black "Baltgailis, Vesma"]
[Result "1/2-1/2"]
[WhiteElo "2210"]
[BlackElo "2005"]
[PlyCount "80"]
[EventDate "1996.08.17"]
[EventType "tourn"]
[EventRounds "9"]
[EventCountry "CAN"]
[Source "ChessBase"]
[SourceDate "2000.11.22"]

1. e4 c5 2. c3 Nf6 3. e5 Nd5 4. d4 cxd4 5. Qxd4 Nc7 6. Nf3 Nc6 7. Qe4 d5 8.
exd6 Qxd6 9. Bc4 Qg6 10. Qxg6 hxg6 11. O-O Be6 12. Be2 f6 13. Na3 O-O-O 14. Be3
Bd5 15. Nc2 e5 16. Rfd1 Be7 17. b4 b6 18. a4 Be4 19. Na3 Rxd1+ 20. Rxd1 Rd8 21.
Rxd8+ Nxd8 22. Nc4 Nd5 23. Bd2 g5 24. g3 Nb7 25. Ne3 Nxe3 26. Bxe3 Nd6 27. Nd2
Bc6 28. b5 Bd7 29. Nc4 Ne4 30. Bd2 Bc5 31. Be1 Be6 32. Kg2 g4 33. a5 Kc7 34.
axb6+ axb6 35. Nb2 Ng5 36. Bd2 Bd5+ 37. Kf1 Nf3 38. Bxf3 Bxf3 39. Nd3 Bd5 40.
Nxc5 Bc4+ 1/2-1/2

[Event "CAN-ch w"]
[Site "Toronto CAN"]
[Date "1996.08.24"]
[Round "8"]
[White "Vujosevic, Smilja"]
[Black "Mongeau, Diane"]
[Result "0-1"]
[WhiteElo "2065"]
[BlackElo "1941"]
[PlyCount "56"]
[EventDate "1996.08.17"]
[EventType "tourn"]
[EventRounds "9"]
[EventCountry "CAN"]
[Source "ChessBase"]
[SourceDate "2000.11.22"]

1. d4 Nf6 2. Nf3 c5 3. e3 e6 4. c3 d5 5. Bd3 Nc6 6. O-O Be7 7. Nbd2 O-O 8. Bc2
Qc7 9. h3 e5 10. dxe5 Nxe5 11. Nxe5 Qxe5 12. Nf3 Qh5 13. Bd3 Bd6 14. Be2 Bxh3
15. Ne1 Bg4 16. f4 Bxe2 17. Qc2 Ng4 18. Nf3 Bxf1 19. Kxf1 Nh2+ 20. Nxh2 Qxh2
21. Qf2 Rfe8 22. Ke2 Bxf4 23. Bd2 d4 24. cxd4 cxd4 25. Rf1 Qh5+ 26. Qf3 Qxf3+
27. Rxf3 Bxe3 28. Bb4 Bc1+ 0-1

[Event "CAN-ch w"]
[Site "Toronto CAN"]
[Date "1996.08.24"]
[Round "8"]
[White "Wu, Beatrice"]
[Black "Walker, Erin"]
[Result "1-0"]
[WhiteElo "1895"]
[BlackElo "1547"]
[PlyCount "53"]
[EventDate "1996.08.17"]
[EventType "tourn"]
[EventRounds "9"]
[EventCountry "CAN"]
[Source "ChessBase"]
[SourceDate "2000.11.22"]

1. d4 d5 2. e3 Nf6 3. Bd3 e6 4. f4 c5 5. c3 c4 6. Bc2 Bd6 7. Nf3 Bd7 8. Nbd2
Nc6 9. Ne5 b5 10. O-O a5 11. g4 h6 12. Qf3 Qe7 13. Rf2 O-O-O 14. Nf1 Rhf8 15.
Ng3 Kb8 16. Qe2 Kb7 17. b3 Rb8 18. Rb1 Kc7 19. e4 Bxe5 20. dxe5 Ng8 21. Be3 Nd8
22. Rff1 Nb7 23. Rfd1 Bc6 24. Qf2 Qd7 25. exd5 exd5 26. Bf5 Qe7 27. Bb6# 1-0

[Event "CAN-ch w"]
[Site "Toronto CAN"]
[Date "1996.08.25"]
[Round "9"]
[White "Apostolov, Penka"]
[Black "Vujosevic, Smilja"]
[Result "1-0"]
[WhiteElo "1990"]
[BlackElo "2065"]
[PlyCount "100"]
[EventDate "1996.08.17"]
[EventType "tourn"]
[EventRounds "9"]
[EventCountry "CAN"]
[Source "ChessBase"]
[SourceDate "2000.11.22"]

1. d4 d5 2. Nf3 Nf6 3. c4 c6 4. Qc2 Na6 5. a3 Nc7 6. Bg5 Bg4 7. Nbd2 e6 8. e3
Be7 9. Bd3 h6 10. Bh4 Nd7 11. Bg3 Bf6 12. Rc1 O-O 13. O-O Re8 14. Qb3 dxc4 15.
Nxc4 b6 16. Nd6 Rf8 17. Rxc6 Ne8 18. Rfc1 Nxd6 19. Bxd6 Be7 20. Bg3 Nf6 21. Ba6
Qd5 22. Qxd5 exd5 23. Ne5 Be6 24. Nd3 Ne4 25. Be5 Bf6 26. Bxf6 Nxf6 27. Nf4 Bd7
28. Rc7 Rfd8 29. Bb7 Rab8 30. Nxd5 Nxd5 31. Bxd5 Be8 32. Ba2 a5 33. Re7 Rbc8
34. Rcc7 Rxc7 35. Rxc7 b5 36. Kf1 Rb8 37. Bd5 Kf8 38. Ke1 a4 39. Kd2 b4 40.
axb4 Rxb4 41. Rb7 Rxb7 42. Bxb7 Ke7 43. Kc3 Kd6 44. Kb4 f6 45. Ba6 Bc6 46. g3
h5 47. Bb5 Be4 48. Bxa4 g5 49. Bd1 g4 50. Ka5 Bc6 1-0

[Event "CAN-ch w"]
[Site "Toronto CAN"]
[Date "1996.08.25"]
[Round "9"]
[White "Baltgailis, Vesma"]
[Black "Charest, Johanne"]
[Result "0-1"]
[WhiteElo "2005"]
[BlackElo "1964"]
[PlyCount "65"]
[EventDate "1996.08.17"]
[EventType "tourn"]
[EventRounds "9"]
[EventCountry "CAN"]

1. c4 e6 2. b3 d5 3. Bb2 Nf6 4. g3 Be7 5. Bg2 c5 6. Nf3 Nc6 7. e3 O-O 8. O-O b6
9. Nc3 Bb7 10. cxd5 exd5 11. d4 Rc8 12. Rc1 Ba6 13. Re1 Nb4 14. Ne5 cxd4 15.
exd4 Bd6 16. Re3 Bxe5 17. dxe5 d4 18. exf6 dxe3 19. Qg4 Qxf6 20. fxe3 Nd3 21.
Rf1 Qe5 22. Nd5 Nxb2 23. Nf6+ Kh8 24. Be4 h6 25. Rf5 Rc1+ 26. Kg2 Bf1+ 27. Kf3
Qd6 28. Nd5 Bd3 29. Bxd3 Nxd3 30. Ke2 Ne5 31. Qe4 Ng6 32. Kf2 Qc6 33. Qd4 0-1

[Event "CAN-ch w"]
[Site "Toronto CAN"]
[Date "1996.08.25"]
[Round "9"]
[White "Khoudgarian, Natalia"]
[Black "Wu, Beatrice"]
[Result "1-0"]
[WhiteElo "2231"]
[BlackElo "1895"]
[PlyCount "47"]
[EventDate "1996.08.17"]
[EventType "tourn"]
[EventRounds "9"]
[EventCountry "CAN"]
[Source "ChessBase"]
[SourceDate "2000.11.22"]

1. e4 c5 2. Nf3 d6 3. c3 Nf6 4. Be2 Nxe4 5. Qa4+ Nc6 6. Qxe4 e6 7. O-O d5 8.
Qc2 Bd6 9. d4 cxd4 10. cxd4 Qc7 11. Nc3 a6 12. Be3 Bd7 13. Rac1 O-O-O 14. Na4
Kb8 15. Nc5 Qb6 16. Qb3 Qxb3 17. Nxb3 f6 18. Nc5 Rhe8 19. Rfd1 Ka7 20. a3 Re7
21. Nxd7 Rdxd7 22. Ne1 g5 23. Nd3 Nd8 24. Nc5 1-0